Managerial accounting / (Record no. 2663)

MARC details
000 -LEADER
fixed length control field 01448nam a2200217Ia 4500
020 ## - INTERNATIONAL STANDARD BOOK NUMBER
ISBN 0072528125 (student ed. : alk. paper)
020 ## - INTERNATIONAL STANDARD BOOK NUMBER
ISBN 0072423382 (instructor's ed. : alk. paper)
020 ## - INTERNATIONAL STANDARD BOOK NUMBER
ISBN 0072531746 (CDROM)
020 ## - INTERNATIONAL STANDARD BOOK NUMBER
ISBN 0071151001 (International ed.)
050 00 - CALL NUMBER
Classification number HF5657.4
Item number G37 2003
100 1# - AUTHOR
Personal name Garrison, Ray H.
245 10 - TITLE
Title Managerial accounting /
Statement of responsibility, etc Ray H. Garrison, Eric W. Noreen.
250 ## - EDITION
Edition statement 10th ed.
260 ## - PUBLICATION INFORMATION
Place of publication Boston :
Name of publisher McGraw-Hill/Irwin,
Year of publication c2003.
300 ## - DESCRIPTION
Number of Pages xxxvi, 838 p. :
Other physical details col. ill. ;
Dimensions 28 cm.
Accompanying material +1 CD-ROM.
500 ## - NOTES
General note Includes index.
505 ## - FORMATTED CONTENTS NOTE
Table of Content Managerial accounting and the business environment --<br/>Cost terms, concepts, and classifications --<br/>Systems design: job-order costing --<br/>Systems design: process costing --<br/>Cost behavior: analysis and use --<br/>Cost-volume-profit relationships --<br/>Variable costing: a tool for management --<br/>Activity-based costing: a tool to aid decision making --<br/>Profet planning --<br/>Standard costs and the balanced scorecard --<br/>Flexible budgets and overhead analysis --<br/>Sebmetn reporting and decentralization --<br/>Relevant costs for decision making --<br/>Capital budgeting decisions --<br/>Service department costing: an activity approach --<br/>"How well am I doing?" statement of cash flows --<br/>"How well am I doing?" financial statement analysis --<br/>Appendix A: Pricing products and services.
650 #0 - SUBJECTS
Topical Term Managerial accounting.
700 1# - OTHER AUTHORS
Personal name Noreen, Eric W.
942 ## - ADDED ENTRY ELEMENTS (KOHA)
Koha item type Books
Holdings
Withdrawn status Lost status Home library Current library Shelving location Date acquired Full call number Accession Number Koha item type
    Methodist University Library Main Methodist University Library Main General Stacks 01/04/2008 HF5657.4 G37 2003 22316 Books
    Methodist University Library Main Methodist University Library Main General Stacks 01/04/2008 HF5657.4 G37 2003 22317 Books
    Methodist University Library Main Methodist University Library Main General Stacks 01/04/2008 HF5657.4 G37 2003 22315 Books
    Methodist University Library Main Methodist University Library Main General Stacks 01/04/2008 HF5657.4 G37 2003 22313 Books
Copyright © 2026  MUG Library